Statistics for Countries With The Tallest People - With Exceptions

Click here to take the quiz!

General Stats

  • This quiz has been taken 22 times
  • The average score is 21 of 35

Answer Stats

cmCountry% Correct
169.8Brazil
89%
171.2Canada
89%
170.2United States
89%
170.0Argentina
84%
171.7Australia
79%
171.1New Zealand
79%
169.6Georgia
68%
169.0Israel
68%
171.3Lebanon
68%
168.8Algeria
63%
169.7Bahamas
63%
173.0Grenada
63%
168.6Iran
63%
168.8Morocco
63%
171.2Saint Kitts and Nevis
63%
169.5Tunisia
63%
169.1Turkey
63%
168.9Uruguay
63%
172.1Barbados
58%
173.6Dominica
58%
171.0Jamaica
58%
168.7Kazakhstan
58%
169.6Libya
58%
171.7Saint Lucia
58%
171.8Saint Vincent and the Grenadines
58%
169.7Trinidad and Tobago
58%
172.9Antigua and Barbuda
53%
169.0China
47%
169.1Fiji
47%
169.9Samoa
47%
171.1Senegal
47%
170.6Tonga
47%
168.8Suriname
42%
169.2South Korea
37%
169.4Seychelles
32%

Score Distribution

Percentile by Number Answered

Percent of People with Each Score

Your Score History

You have not taken this quiz